| 000 | 00621nam a2200205Ia 4500 | ||
|---|---|---|---|
| 003 | GCL | ||
| 008 | 140319s9999 xx 000 0 ara d | ||
| 040 |
_aGCL / _cGCL |
||
| 082 | 0 | 4 |
_aق _b327.62047 _bم ق |
| 100 | 1 | _aمحمد عودة | |
| 245 | 1 | 0 |
_aقصة السوفيت مع مصر (هدية من الاديب عبدالفتاح الجمل) / _cمحمد عودة |
| 700 | 1 | _aفليب جلاب | |
| 300 | _a160 ص | ||
| 490 | _a | ||
| 650 | 0 | 4 | _aمصر |
| 650 | 0 | 4 | _aالاتحاد السوفيتى |
| 650 | 0 | 4 | _aالاحوال السياسية |
| 650 | 0 | 4 | _aالعلاقات الخارجية |
| 942 |
_2ddc _cBK |
||
| 999 |
_c38286 _d38286 |
||